000 00436nam a2200169 a 4500
001 0000-9231
003 ELIB.Books
008 110520 1948
035 _a(ELIB.Books)0000-9383
082 _a268.432
_bMar
100 _aMartin, Mary Grace
245 _aWe Worship Together
260 _bPhiladelphia: The Judson Press
_c1948
650 _aChristian Education
942 _2ddc
_cBK
998 _cbat
_e2011-05-20
999 _c9231
_d9231